| 000 | 00437naa a2200157 a 4500 | ||
|---|---|---|---|
| 001 | 1178 | ||
| 003 | CDMR | ||
| 005 | 20130116135202.0 | ||
| 008 | 130130s ||||||||||||r|||||||||||||||d | ||
| 040 |
_aCDMR _bcat _cCDMR |
||
| 100 | 1 |
_aDuran i Ventosa, Lluís _9923 |
|
| 245 | 1 | 0 | _aEnric Prat de la Riba |
| 600 | 1 | 4 |
_aPrat de la Riba, Enric _9924 |
| 773 | 0 |
_a _tAnuaria de la Asociación de la Prensa Diaria _gAño I, 1923, p.109-116 |
|
| 942 | _cCAP | ||
| 999 |
_c1178 _d1178 |
||